Top 50 dansk sange - Statistics

General Stats
  • This quiz has been taken 11 times
  • The average score is 12 of 50
Answer Stats
Sanger Svar Streams % Correct
Tobias Rahim Mucki Bar 34.943.520
83%
Nik og Jay Hot 27.500.190
67%
Tobias Rahim Stor mand 63.991.940
67%
The Minds of 99 Under Din Sne 31.837.219
67%
Rasmus Seebach Natteravn 66.378.913
50%
Ukendt Kunster Neonlys 29.573.560
50%
Rasmus Seebach Øde Ø 38.978.338
50%
Rasmus Seebach Olivia 30.713.693
50%
Gilli Tidligt Op 36.741.130
50%
Tessa Ben 28.424.946
33%
Kesi (Feat.Hans Philip) Blå Himmel 40.471.517
33%
D1MA Drøm Mig Væk 32.611.041
33%
Tobias Rahim Flyvende Faduma 31.303.435
33%
Suspekt Gonzo 42.344.619
33%
Andreas Odbjerg Hjem fra fabrikken 26.924.264
33%
Benny Jamz, Kesi, Gilli, B.O.C Ibiza 43.494.556
33%
Skinz Jeg har en pige 28.538.972
33%
Gilli Kender Ik I Morgen 31.992.005
33%
Suspekt Kinky Fætter 29.908.716
33%
Gilli Knokler Hårdt 26.843.578
33%
Kesi Kom Over 31.132.400
33%
TopGunn Kongens Have 29.232.113
33%
Gulddreng Model 30.511.039
33%
IceKiid ErruDumEllaHvad 40.734.041
17%
Andreas Odbjerg Føler mig selv 100 30.611.249
17%
Gilli Habibi Aiwa 36.956.671
17%
D1MA I Know 27.226.937
17%
Medina Jalousi 26.393.283
17%
Gilli & Branco London Town 31.494.444
17%
Kesi (Feat. Benny Jamz) Mamacita 31.361.405
17%
RH & Branco Mcqueen 27.127.706
17%
Joey Moe Smukkest på en søndag 28.563.762
17%
Lord Siva Solhverv 32.112.463
17%
Kesi & Gilli Su Casa 28.432.438
17%
Ukendt Kunster Uden dig 26.938.067
17%
Gilli (feat. Saveus) Verden Vågner 26.730.951
17%
Gilli (Feat.MellemFingaMuzik) C'est la vie 31.972.794
0%
Artigeardit & Kesi Er Her 38.391.440
0%
Tobias Rahim Feberdrømmer xx Dubai 27.714.029
0%
Kesi Følelsen 28.000.258
0%
The Minds of 99 Hurtige Hænder 31.980.578
0%
Gasolin Hva' gør vi nu, lille du 26.623.262
0%
Sivas, Node, Gilli Oui 39.176.351
0%
Gasolin Papirsklip 31.403.975
0%
Suspekt Proletar 27.244.746
0%
Gilli (Feat. Kesi & Sivas) Rica 37.558.874
0%
Gulddreng Se mig nu 28.959.457
0%
Gobs Tak For Sidst 32.040.692
0%
Rasmus Seebach Under Stjernerne På Himlen 37.874.475
0%
Gilli Vai Amor 40.998.649
0%
No matching quizzes found
Score Distribution
Percent of People with Each Score
Percentile by Number Answered
Your Score History
You have not taken this quiz